[Event "Aktiv-Alliancen Mesterklassen 1999"]
[Site "Taastrup"]
[Date "1999.02.06"]
[Round "1"]
[White "Andersen, Rune"]
[Black "Lonborg, Morten"]
[Result "1-0"]
[WhiteElo "2033"]
[BlackElo "2121"]
[PlyCount "101"]
[EventDate "1999.??.??"]

1. d4 Nf6 2. c4 c5 3. d5 b5 4. cxb5 a6 5. Nc3 axb5 6. e4 b4 7. Nb5 d6 8. Bc4
Nbd7 9. Nf3 g6 10. e5 Nxe5 11. Nxe5 dxe5 12. d6 exd6 13. Bg5 Ra5 14. Qb3 h6 15.
Bxf7+ Ke7 16. Bxf6+ Kxf6 17. a4 Rh7 18. Bc4 Bb7 19. O-O d5 20. Qf3+ Kg7 21.
Rfd1 Qf6 22. Qxf6+ Kxf6 23. Bxd5 Bxd5 24. Rxd5 Rb7 25. Nd6 Bxd6 26. Rxd6+ Kf5
27. h3 b3 28. g4+ Kg5 29. Rd5 Kf6 30. Rc1 Rxa4 31. Rcxc5 Ra2 32. Rc6+ Kf7 33.
Rd2 Raa7 34. Rdd6 Ra2 35. Rxg6 Rxb2 36. Rxh6 Re7 37. Rh7+ Ke8 38. Rxe7+ Kxe7
39. Rb6 Rb1+ 40. Kg2 b2 41. h4 Kf7 42. h5 Kg7 43. g5 Kh7 44. Rb7+ Kg8 45. h6
Rd1 46. Rxb2 Kh7 47. Rb7+ Kg8 48. g6 Rd8 49. Re7 Kh8 50. Rxe5 Rg8 51. Rg5 1-0

[Event "Aktiv-Alliancen Mesterklassen 1999"]
[Site "Taastrup"]
[Date "1999.02.06"]
[Round "1"]
[White "Hansen, Lars Henrik Bech"]
[Black "Aagaard, Jacob"]
[Result "0-1"]
[WhiteElo "2090"]
[BlackElo "2406"]
[PlyCount "94"]
[EventDate "1999.??.??"]

1. e4 c5 2. Nf3 d6 3. d4 Nf6 4. Nc3 cxd4 5. Nxd4 g6 6. Be2 Bg7 7. Be3 Nc6 8.
O-O O-O 9. f4 Qb6 10. e5 dxe5 11. fxe5 Nxe5 12. Nf5 Qxb2 13. Nxe7+ Kh8 14. Bd4
Qb4 15. Bxe5 Qxe7 16. Qd4 Nh5 17. Bxg7+ Nxg7 18. Rae1 Be6 19. Nd5 Bxd5 20. Qxd5
Rad8 21. Qb3 b6 22. Kh1 Qc7 23. Rf3 Rde8 24. Rf2 f5 25. Rd1 Qc5 26. Rdf1 Re3
27. Bd3 Rfe8 28. Qf7 R3e7 29. Qb3 Nh5 30. Bb5 Nf6 31. Qb2 Rf8 32. Rd2 Qe5 33.
Rd4 Kg7 34. Qb4 a5 35. Qa3 Rc7 36. Rc4 Rxc4 37. Bxc4 Ng4 38. Qh3 Rc8 39. Bd3
Rxc2 40. Qh4 Nf2+ 41. Rxf2 Qe1+ 42. Bf1 Rxf2 43. Qd4+ Kf7 44. Qd7+ Qe7 45. Bc4+
Kf8 46. Qd1 Qe4 47. Qd8+ Kg7 0-1

[Event "Aktiv-Alliancen Mesterklassen 1999"]
[Site "Taastrup"]
[Date "1999.02.06"]
[Round "1"]
[White "Jensen, Orla"]
[Black "Thuesen, Mogens Henrik"]
[Result "0-1"]
[WhiteElo "1968"]
[BlackElo "2209"]
[PlyCount "84"]
[EventDate "1999.??.??"]

1. c4 e5 2. Nc3 Nc6 3. g3 g6 4. Bg2 Bg7 5. e3 d6 6. Nge2 h5 7. h4 Nh6 8. d3 O-O
9. O-O Be6 10. Rb1 Qd7 11. b4 Bh3 12. Nd5 Bxg2 13. Kxg2 Nd8 14. e4 f5 15. Bg5
Ne6 16. f4 Ng4 17. Qd2 Rae8 18. b5 Nc5 19. exf5 gxf5 20. Nec3 c6 21. Nb4 e4 22.
bxc6 bxc6 23. Nd1 a5 24. d4 e3 25. Qe2 Ne4 26. Nc2 Nd2 27. Nc3 c5 28. Nb5 Qe6
29. Qd3 Nxb1 30. Rxb1 Nf2 31. Qxe3 Qxc4 32. Qb3 Qxb3 33. Rxb3 Re2 34. Nca3 Ng4+
35. Kg1 Rfe8 36. Rb1 Bxd4+ 37. Nxd4 cxd4 38. Nc4 d3 39. Rd1 Re1+ 40. Rxe1 Rxe1+
41. Kg2 d5 42. Nxa5 d2 0-1

[Event "Aktiv-Alliancen Mesterklassen 1999"]
[Site "Taastrup"]
[Date "1999.02.06"]
[Round "1"]
[White "Larsen, Peter"]
[Black "Bogdanov, Dimitri"]
[Result "0-1"]
[WhiteElo "2267"]
[BlackElo "2012"]
[PlyCount "136"]
[EventDate "1999.??.??"]

1. d4 g6 2. c4 Bg7 3. e4 d6 4. Nc3 Nf6 5. f3 O-O 6. Be3 Nc6 7. Bd3 e5 8. d5 Nd4
9. Nge2 Nh5 10. Bc2 c5 11. dxc6 Nxc2+ 12. Qxc2 bxc6 13. O-O Be6 14. Qa4 Qc7 15.
Rfd1 Rfd8 16. Rd3 a5 17. Rad1 Nf6 18. b3 Bf8 19. Bg5 Be7 20. Bxf6 Bxf6 21. Qa3
Be7 22. Qc1 Rd7 23. Kh1 Rad8 24. Nd5 Bxd5 25. cxd5 c5 26. Ng3 Ra8 27. Rc3 Qb8
28. a4 Rb7 29. Qe3 Rb4 30. h3 Qd8 31. Ne2 Bg5 32. Qd3 Rab8 33. Rb1 Qb6 34. g3
Rxa4 35. h4 Bf6 36. Nc1 Rd4 37. Qc2 Qb5 38. Kg2 a4 39. Ra1 axb3 40. Rxb3 Rb4
41. Rxb4 Qxb4 42. Nd3 Qd4 43. Ra4 Qe3 44. Rc4 Ra8 45. Rc3 Qd4 46. Nf2 h5 47.
Rc4 Qa1 48. Qc1 Qa6 49. Rc2 Kg7 50. Nd1 Rb8 51. Ne3 Rb4 52. Kh3 Ra4 53. g4 Ra1
54. Qd2 hxg4+ 55. Kxg4 Rg1+ 56. Ng2 Qc8+ 57. Kg3 Rh1 58. Kf2 Qh3 59. Qe2 Bxh4+
60. Ke3 Bg5+ 61. Kd3 Qc8 62. Ne3 Qa6+ 63. Nc4 Qa1 64. Nb2 Rb1 65. Qf2 Qa3+ 66.
Kc4 Be3 67. Qe2 Qb4+ 68. Kd3 Qd4# 0-1

[Event "Aktiv-Alliancen Mesterklassen 1999"]
[Site "Taastrup"]
[Date "1999.02.06"]
[Round "1"]
[White "Moller, Arne Vagn"]
[Black "Stojanovski, Sandi"]
[Result "1/2-1/2"]
[WhiteElo "1927"]
[BlackElo "2183"]
[PlyCount "109"]
[EventDate "1999.??.??"]

1. e4 Nf6 2. e5 Nd5 3. d4 d6 4. Nf3 Bg4 5. exd6 exd6 6. Be2 Be7 7. O-O O-O 8.
c3 Nc6 9. a4 Bf6 10. Na3 Re8 11. Nc2 a5 12. Bd2 Qd7 13. Bd3 Bf5 14. Bxf5 Qxf5
15. Ne3 Nxe3 16. Bxe3 d5 17. Rc1 Ne7 18. Qb3 Qd7 19. Bf4 c6 20. Rfe1 Ng6 21.
Bg3 Re6 22. Rxe6 fxe6 23. Re1 Re8 24. Qc2 Qf7 25. Re3 Ne7 26. Be5 Ng6 27. Bg3
Qd7 28. h3 b5 29. Re1 Rc8 30. Ra1 c5 31. Qe2 cxd4 32. Nxd4 Bxd4 33. cxd4 bxa4
34. Qa6 Rc4 35. Qxa5 Rxd4 36. Rc1 Rc4 37. Rxc4 dxc4 38. Qa8+ Kf7 39. Qf3+ Kg8
40. Qa8+ Nf8 41. Be5 Qd5 42. Qb8 Kf7 43. Bc3 Nd7 44. Qa7 Qb5 45. Qd4 Nf6 46.
Qa7+ Qd7 47. Qc5 Qd3 48. Qa7+ Qd7 49. Qc5 Qd1+ 50. Kh2 Qd5 51. Qa7+ Kg6 52.
Qxa4 e5 53. Qc2+ e4 54. Qe2 h5 55. Qe3 1/2-1/2

[Event "Aktiv-Alliancen Mesterklassen 1999"]
[Site "Taastrup"]
[Date "1999.02.06"]
[Round "1"]
[White "Nielsen, Borge Hjerrild"]
[Black "Andersen, Erik Rune Egede"]
[Result "1-0"]
[WhiteElo "2002"]
[BlackElo "2077"]
[PlyCount "123"]
[EventDate "1999.??.??"]

1. d4 d5 2. c4 dxc4 3. Nf3 Nf6 4. e3 e6 5. Bxc4 c5 6. O-O a6 7. Nc3 b5 8. Bb3
Bb7 9. Qe2 Nbd7 10. Rd1 Qb8 11. d5 exd5 12. Nxd5 Nxd5 13. Bxd5 Bxd5 14. Rxd5
Qb7 15. Rd1 Be7 16. b3 O-O 17. Bb2 Rfc8 18. Rac1 Bf6 19. Qd2 Qc7 20. Ba3 Ra7
21. Bxc5 Nxc5 22. b4 Rd8 23. Qe2 Rxd1+ 24. Qxd1 Nd3 25. Rxc7 Rxc7 26. Qxd3 Rc1+
27. Qf1 Rxf1+ 28. Kxf1 Bc3 29. Ke2 Bxb4 30. Kd3 Be7 31. Nd4 Kf8 32. Ke4 Ke8 33.
Kd5 Kd7 34. e4 f6 35. f4 g6 36. Nc6 Bd6 37. e5 fxe5 38. fxe5 Bc7 39. h3 h5 40.
Nd4 g5 41. Ne6 Bb6 42. Nxg5 b4 43. Ne4 a5 44. g4 hxg4 45. hxg4 Be3 46. e6+ Ke7
47. Nd6 Bg5 48. Nf5+ Kd8 49. Kc5 Bd2 50. Kb5 Ke8 51. g5 Bxg5 52. Kxa5 Bd2 53.
Kb5 Bc3 54. Kc5 Bd2 55. Kd5 Bf4 56. Nd4 Bd2 57. Nc6 Be1 58. Kc4 Bd2 59. Kc5 Kf8
60. Kd6 Bf4+ 61. Kd7 Bg5 62. Nxb4 1-0

[Event "Aktiv-Alliancen Mesterklassen 1999"]
[Site "Taastrup"]
[Date "1999.02.06"]
[Round "1"]
[White "Nielsen, John Holm"]
[Black "Dongart, Dennis"]
[Result "1/2-1/2"]
[WhiteElo "1972"]
[BlackElo "2090"]
[PlyCount "112"]
[EventDate "1999.??.??"]

1. Nc3 d5 2. e4 dxe4 3. Nxe4 Nf6 4. Nxf6+ gxf6 5. d4 c6 6. Bc4 Bf5 7. Nf3 e6 8.
Qe2 Nd7 9. Bf4 Nb6 10. Bb3 Bd6 11. Bxd6 Qxd6 12. c4 Qf4 13. Qe3 Qg4 14. Rg1
O-O-O 15. h3 Qe4 16. Rc1 Rhg8 17. g4 Bg6 18. Bc2 Qxe3+ 19. fxe3 Kd7 20. Nd2
Bxc2 21. Rxc2 f5 22. Rf1 Ke7 23. gxf5 exf5 24. Rxf5 Rg1+ 25. Nf1 Rdg8 26. Rcf2
R8g7 27. b3 Nd7 28. Ke2 f6 29. e4 b6 30. R5f3 a5 31. Ne3 Kf7 32. Ng4 Ra1 33.
Kd3 c5 34. d5 Rg6 35. e5 Rxg4 36. hxg4 Nxe5+ 37. Ke4 Re1+ 38. Re3 Rxe3+ 39.
Kxe3 Nxg4+ 40. Kf3 Nxf2 41. Kxf2 f5 42. Kf3 h5 43. Kg3 Kf6 44. Kf3 Ke5 45. Kg3
f4+ 46. Kf3 Kf5 47. Kf2 h4 48. Kg2 Ke5 49. Kf3 h3 50. Kf2 Ke4 51. d6 f3 52. d7
h2 53. d8=Q h1=Q 54. Qd5+ Kf4 55. Qd6+ Ke4 56. Qd5+ Kf4 1/2-1/2

[Event "Aktiv-Alliancen Mesterklassen 1999"]
[Site "Taastrup"]
[Date "1999.02.06"]
[Round "1"]
[White "Pedersen, Jan Nordenbaek"]
[Black "Danielsen, Heini"]
[Result "1/2-1/2"]
[WhiteElo "2208"]
[BlackElo "2102"]
[PlyCount "111"]
[EventDate "1999.??.??"]

1. e4 c5 2. Nf3 Nc6 3. d4 cxd4 4. Nxd4 Nf6 5. Nc3 e5 6. Ndb5 d6 7. Nd5 Nxd5 8.
exd5 Ne7 9. c4 Nf5 10. Bd3 Be7 11. O-O a6 12. Nc3 O-O 13. Bd2 g6 14. b4 Bf6 15.
c5 Bg7 16. Rc1 a5 17. Nb5 dxc5 18. bxc5 Qxd5 19. Bxf5 Bxf5 20. Nc7 Qxa2 21.
Nxa8 Rd8 22. Ra1 Qxd2 23. Qxd2 Rxd2 24. Rxa5 Bd3 25. Rc1 e4 26. Ra4 Bb2 27. Re1
Bc2 28. Rc4 Bd4 29. Rf1 e3 30. Rxd4 Rxd4 31. fxe3 Rc4 32. Rc1 Rxc5 33. Nb6 Rb5
34. Rxc2 Rxb6 35. Rc8+ Kg7 36. Kf2 Kf6 37. Kf3 Ke5 38. Rc7 h5 39. Kg3 f6 40.
Kf3 g5 41. h4 g4+ 42. Kg3 Rb5 43. Rh7 Ke4 44. Re7+ Kd3 45. Kf4 Ke2 46. Rf7 Kf2
47. g3 Rb4+ 48. e4 Rb3 49. Rxf6 Rf3+ 50. Kg5 Rxf6 51. Kxf6 Kxg3 52. e5 Kxh4 53.
e6 g3 54. e7 g2 55. e8=Q g1=Q 56. Qe4+ 1/2-1/2

[Event "Aktiv-Alliancen Mesterklassen 1999"]
[Site "Taastrup"]
[Date "1999.02.06"]
[Round "1"]
[White "Petersen, Terji"]
[Black "Auchenberg, Per"]
[Result "0-1"]
[WhiteElo "2100"]
[BlackElo "2066"]
[PlyCount "43"]
[EventDate "1999.??.??"]

1. d4 f5 2. e4 fxe4 3. Nc3 Nf6 4. Bg5 g6 5. f3 c5 6. d5 Qa5 7. Qd2 d6 8. O-O-O
Nbd7 9. fxe4 Bg7 10. Nf3 Ng4 11. Nb5 Qb6 12. h3 Nge5 13. Bh6 Bf6 14. Ng5 a6 15.
Nc3 Nf8 16. Be2 Bd7 17. Nf3 O-O-O 18. Bg5 Nxf3 19. gxf3 Bb5 20. h4 Nd7 21. h5
Bxe2 22. Nxe2 0-1

[Event "Aktiv-Alliancen Mesterklassen 1999"]
[Site "Taastrup"]
[Date "1999.02.06"]
[Round "1"]
[White "Roder, Peter Ulrik"]
[Black "Aage, Bjarke Gadgaard"]
[Result "0-1"]
[WhiteElo "2064"]
[BlackElo "1974"]
[PlyCount "130"]
[EventDate "1999.??.??"]

1. d4 Nf6 2. c4 c5 3. d5 b5 4. cxb5 a6 5. Nc3 g6 6. e4 d6 7. a4 Bg7 8. f4 axb5
9. Bxb5+ Bd7 10. e5 Ng8 11. Nf3 Nh6 12. O-O O-O 13. Ra3 Na6 14. h3 Nb4 15. Be3
Nf5 16. Bf2 h5 17. Re1 Bh6 18. Re4 Ng7 19. Nh4 Qc8 20. e6 Bxb5 21. axb5 Kh7 22.
g4 fxe6 23. g5 Bxg5 24. fxg5 e5 25. Re3 Qd7 26. Qb1 Nf5 27. Rxa8 Rxa8 28. Nxf5
gxf5 29. h4 Kg7 30. Qd1 f4 31. Re4 Kg6 32. Kh2 Qf5 33. Re1 Nd3 34. Re2 f3 35.
Rd2 Qg4 36. Bg3 Nf4 37. Qf1 Ra1 38. Rd1 Ra8 39. b6 Ng2 40. Qd3+ Kg7 41. Rf1 Rf8
42. Ne4 c4 43. Qb1 Ne3 44. Rf2 Nf5 45. Qf1 Nxg3 46. Nxg3 Qxh4+ 47. Qh3 Qf4 48.
b7 h4 49. Rxf3 hxg3+ 50. Qxg3 Rh8+ 51. Kg1 Qxg3+ 52. Rxg3 Rb8 53. b3 cxb3 54.
Rxb3 Kg6 55. Kf2 Kxg5 56. Ke3 Kf5 57. Rb4 e6 58. dxe6 Kxe6 59. Rb6 Kd7 60. Rb2
Kc7 61. Rc2+ Kxb7 62. Ke4 Rc8 63. Rb2+ Kc7 64. Kd5 Rb8 65. Rh2 Rb5+ 0-1

[Event "Aktiv-Alliancen Mesterklassen 1999"]
[Site "Taastrup"]
[Date "1999.02.07"]
[Round "2"]
[White "Aage, Bjarke Gadgaard"]
[Black "Thuesen, Mogens Henrik"]
[Result "1/2-1/2"]
[WhiteElo "1974"]
[BlackElo "2209"]
[PlyCount "80"]
[EventDate "1999.??.??"]

1. d4 Nf6 2. c4 c5 3. d5 e5 4. Nc3 d6 5. e4 Be7 6. Bd3 Nbd7 7. f4 exf4 8. Bxf4
O-O 9. Nf3 Ng4 10. O-O Nge5 11. Nxe5 Nxe5 12. Bxe5 dxe5 13. Ne2 Bg5 14. Ng3
Be3+ 15. Kh1 g6 16. Qf3 Bd4 17. Rab1 Qg5 18. Qf6 Qxf6 19. Rxf6 Kg7 20. Rf3 Bg4
21. Rff1 h5 22. h3 h4 23. Ne2 Bxe2 24. Bxe2 f5 25. Bd3 fxe4 26. Bxe4 Bf2 27.
Bf3 Rae8 28. Rxf2 e4 29. Rbf1 exf3 30. gxf3 Rf4 31. Rc2 Re3 32. Kg2 Kf6 33.
Rff2 Ke5 34. b3 a5 35. Rcd2 Kd6 36. Rde2 Rfxf3 37. Rxf3 Rxe2+ 38. Rf2 Re3 39.
Rf3 Re2+ 40. Rf2 Re3 1/2-1/2

[Event "Aktiv-Alliancen Mesterklassen 1999"]
[Site "Taastrup"]
[Date "1999.02.07"]
[Round "2"]
[White "Andersen, Erik Rune Egede"]
[Black "Lonborg, Morten"]
[Result "0-1"]
[WhiteElo "2077"]
[BlackElo "2121"]
[PlyCount "104"]
[EventDate "1999.??.??"]

1. e4 c5 2. c3 d5 3. exd5 Qxd5 4. d4 Nc6 5. Nf3 cxd4 6. cxd4 e5 7. Nc3 Bb4 8.
Bd2 Bxc3 9. Bxc3 e4 10. Ne5 Nxe5 11. dxe5 Ne7 12. Qa4+ Bd7 13. Qa3 e3 14. f3
Rc8 15. Rd1 Qc5 16. Qxc5 Rxc5 17. Bd4 Rc2 18. Rg1 Nd5 19. Bd3 Nb4 20. Bxe3 Rxb2
21. Bxa7 Nc6 22. Bc5 Nxe5 23. Be2 Rxa2 24. f4 Rxe2+ 25. Kxe2 Bg4+ 26. Kf2 Bxd1
27. fxe5 Bg4 28. h3 Bc8 29. Rd1 h5 30. h4 Rh6 31. Rd6 Rxd6 32. Bxd6 Kd7 33. Bf8
g6 34. Ke3 Ke6 35. Bd6 Kd5 36. Kd3 f6 37. Bb8 fxe5 38. g3 Bh3 39. Ba7 Bf1+ 40.
Ke3 b5 41. Bb6 b4 42. Ba5 Kc4 43. Kd2 e4 44. Kc2 Bd3+ 45. Kb2 e3 46. Bb6 e2 47.
Bf2 Bf5 48. Be1 b3 49. Ba5 Bc2 50. Kc1 Kd3 51. Bb4 Ke3 52. Be1 Bd1 0-1

[Event "Aktiv-Alliancen Mesterklassen 1999"]
[Site "Taastrup"]
[Date "1999.02.07"]
[Round "2"]
[White "Auchenberg, Per"]
[Black "Bogdanov, Dimitri"]
[Result "0-1"]
[WhiteElo "2066"]
[BlackElo "2012"]
[PlyCount "30"]
[EventDate "1999.??.??"]

1. f4 g6 2. Nf3 Bg7 3. e4 d6 4. Be2 c5 5. d3 Nc6 6. O-O Nf6 7. Na3 O-O 8. h3 d5
9. e5 Ne8 10. Qe1 f6 11. exf6 exf6 12. Qf2 b6 13. c3 Nd6 14. Bd2 Ba6 15. Nh4 f5
0-1

[Event "Aktiv-Alliancen Mesterklassen 1999"]
[Site "Taastrup"]
[Date "1999.02.07"]
[Round "2"]
[White "Danielsen, Heini"]
[Black "Dongart, Dennis"]
[Result "1-0"]
[WhiteElo "2102"]
[BlackElo "2090"]
[PlyCount "93"]
[EventDate "1999.??.??"]

1. e4 c6 2. d4 d5 3. Nd2 dxe4 4. Nxe4 Nf6 5. Nxf6+ gxf6 6. Qd3 Nd7 7. Bf4 Nb6
8. c4 Bg4 9. Be2 Qd7 10. Bxg4 Qxg4 11. Ne2 Qg6 12. Qb3 O-O-O 13. a4 e5 14. a5
exf4 15. axb6 a6 16. Qf3 Bb4+ 17. Kf1 Rhe8 18. Qxf4 Rd7 19. Rc1 Qd3 20. Qf3 Qd2
21. g3 Rde7 22. Qf5+ Kd8 23. Rc2 Qg5 24. Qf4 Rd7 25. Qxg5 fxg5 26. f3 c5 27. d5
Rd6 28. h4 h6 29. hxg5 hxg5 30. Rh7 Re7 31. g4 f6 32. Rxe7 Kxe7 33. Ng3 Rxb6
34. Nf5+ Kf8 35. Re2 Ba5 36. d6 Rb3 37. Kf2 Rd3 38. Re7 b5 39. cxb5 axb5 40.
Ra7 Bd8 41. Rd7 Ke8 42. Rh7 c4 43. Ke2 Bb6 44. Rb7 Bd4 45. Ng7+ Kd8 46. Ne6+
Kc8 47. d7+ 1-0

[Event "Aktiv-Alliancen Mesterklassen 1999"]
[Site "Taastrup"]
[Date "1999.02.07"]
[Round "2"]
[White "Hejberg, Carsten"]
[Black "Hansen, Lars Henrik Bech"]
[Result "0-1"]
[WhiteElo "1947"]
[BlackElo "2090"]
[PlyCount "90"]
[EventDate "1999.??.??"]

1. d4 Nf6 2. c4 g6 3. Nc3 Bg7 4. e4 d6 5. h3 O-O 6. Bg5 c5 7. d5 b5 8. cxb5 a6
9. a4 Qa5 10. Bd2 axb5 11. Bxb5 Qb6 12. Nge2 Ba6 13. Qc2 Bxb5 14. Nxb5 Na6 15.
O-O Rfb8 16. Nec3 Nd7 17. Be3 Ne5 18. Qe2 Nc7 19. f4 Nd7 20. Nxc7 Qxc7 21. Nb5
Qb7 22. Qc2 Nb6 23. Bd2 Nxa4 24. Rxa4 Qxb5 25. Rxa8 Bd4+ 26. Kh2 Rxa8 27. Rb1
Qe2 28. Re1 Qf2 29. Qc1 Ra2 30. Rf1 Qe2 31. Re1 Qd3 32. Bc3 Bf2 33. Qb1 Qg3+
34. Kh1 Bxe1 35. Qxa2 Bxc3 36. bxc3 Qe1+ 37. Kh2 Qxe4 38. Qd2 h5 39. Kg1 Kg7
40. Kf2 h4 41. g3 Qh1 42. gxh4 Qxh3 43. c4 Qh2+ 44. Ke3 Qxd2+ 45. Kxd2 Kh6 0-1

[Event "Aktiv-Alliancen Mesterklassen 1999"]
[Site "Taastrup"]
[Date "1999.02.07"]
[Round "2"]
[White "Nielsen, Borge Hjerrild"]
[Black "Andersen, Rune"]
[Result "1/2-1/2"]
[WhiteElo "2002"]
[BlackElo "2033"]
[PlyCount "82"]
[EventDate "1999.??.??"]

1. d4 Nf6 2. c4 e6 3. Nc3 d5 4. Bg5 c6 5. e3 Nbd7 6. Nf3 Qa5 7. Nd2 dxc4 8.
Bxf6 Nxf6 9. Nxc4 Qc7 10. Be2 Be7 11. O-O O-O 12. a3 b6 13. b4 Bb7 14. Qb3 Rac8
15. Rfd1 Rfd8 16. Bf3 Nd5 17. Ne4 Bf8 18. Rac1 Qe7 19. Rc2 f5 20. Nc3 g5 21. g3
c5 22. Nxd5 exd5 23. Nd2 c4 24. Qb2 Rc6 25. Bg2 g4 26. Rc3 h5 27. Qc2 Bc8 28.
f4 Rh6 29. Kf2 h4 30. Rb1 a6 31. b5 a5 32. Nf1 Qf7 33. Nd2 Be7 34. Nf1 Kg7 35.
Ke1 Rdh8 36. Qf2 Bd7 37. Qc2 Kf8 38. Kf2 hxg3+ 39. hxg3 Bd6 40. Ke1 Be7 41. Kf2
Bd6 1/2-1/2

[Event "Aktiv-Alliancen Mesterklassen 1999"]
[Site "Taastrup"]
[Date "1999.02.07"]
[Round "2"]
[White "Pedersen, Jan Nordenbaek"]
[Black "Nielsen, John Holm"]
[Result "1-0"]
[WhiteElo "2208"]
[BlackElo "1972"]
[PlyCount "110"]
[EventDate "1999.??.??"]

1. e4 e5 2. Nf3 Nc6 3. Bb5 a6 4. Ba4 Nf6 5. O-O Be7 6. Re1 b5 7. Bb3 O-O 8. a4
Bb7 9. d3 d6 10. c3 Na5 11. Bc2 c5 12. Nbd2 Re8 13. Nf1 b4 14. Ng3 g6 15. Bg5
Bf8 16. Qd2 Nc6 17. Rad1 Bg7 18. h3 Qb6 19. Nh4 Bc8 20. Bh6 b3 21. Bb1 Ne7 22.
Bxg7 Kxg7 23. f4 h6 24. Rf1 Neg8 25. Rf2 Qd8 26. fxe5 dxe5 27. Rdf1 Ra7 28. Nf3
Rd7 29. Qe3 Qc7 30. Nd2 Qb6 31. Kh1 Rb7 32. Nc4 Qc7 33. Ne2 Be6 34. Nd2 Rd8 35.
d4 cxd4 36. cxd4 exd4 37. Nxd4 Qb6 38. Nxe6+ Qxe6 39. e5 Nd5 40. Qe4 Rdd7 41.
Nf3 Qb6 42. Nd4 Nc7 43. e6 Nxe6 44. Rxf7+ Rxf7 45. Qxg6+ Kf8 46. Nxe6+ Qxe6 47.
Qxe6 Rxf1+ 48. Kh2 Re7 49. Qc8+ Kg7 50. Bd3 Rf6 51. Bc4 Rf8 52. Qg4+ Kh8 53.
Bxb3 Rg7 54. Qh4 Rg6 55. Bd1 Kg7 1-0

[Event "Aktiv-Alliancen Mesterklassen 1999"]
[Site "Taastrup"]
[Date "1999.02.07"]
[Round "2"]
[White "Petersen, Terji"]
[Black "Larsen, Peter"]
[Result "0-1"]
[WhiteElo "2100"]
[BlackElo "2267"]
[PlyCount "96"]
[EventDate "1999.??.??"]

1. d4 Nf6 2. f3 d5 3. e4 dxe4 4. Nc3 exf3 5. Nxf3 Bf5 6. Ne5 e6 7. g4 Bg6 8.
Bg2 Nbd7 9. Nxg6 hxg6 10. g5 Nd5 11. Nxd5 exd5 12. Qe2+ Be7 13. O-O O-O 14. Qg4
Nb6 15. Rf3 Qd7 16. Qh4 f5 17. gxf6 Rxf6 18. Bg5 Rxf3 19. Bxf3 Qf5 20. Bxe7
Qxf3 21. Re1 Nc4 22. Qg5 Qf5 23. b3 Nd6 24. Re5 Qxg5+ 25. Bxg5 c6 26. Re7 Nf5
27. Rxb7 Nxd4 28. Kg2 Nxc2 29. Rc7 Re8 30. Rxc6 Re2+ 31. Kg3 Ne1 32. Rc8+ Kh7
33. Rc1 Rg2+ 34. Kh3 Rxg5 35. Rxe1 a5 36. Re6 Rg1 37. Ra6 g5 38. Rxa5 d4 39.
Rd5 g4+ 40. Kh4 Kh6 41. Rh5+ Kg6 42. Rg5+ Kf6 43. Rxg4 g5+ 44. Kh5 Rh1 45. Rg2
d3 46. b4 Re1 47. Rd2 Re4 48. Rf2+ Rf4 0-1

[Event "Aktiv-Alliancen Mesterklassen 1999"]
[Site "Taastrup"]
[Date "1999.02.07"]
[Round "2"]
[White "Stojanovski, Sandi"]
[Black "Jensen, Orla"]
[Result "1-0"]
[WhiteElo "2183"]
[BlackElo "1968"]
[PlyCount "95"]
[EventDate "1999.??.??"]

1. d4 Nf6 2. Nf3 g6 3. g3 Bg7 4. Bg2 d6 5. O-O O-O 6. c4 Nbd7 7. Nc3 e5 8. h3
Re8 9. Re1 c6 10. e4 a6 11. d5 c5 12. Be3 Rf8 13. g4 h5 14. g5 Ne8 15. Nh4 Nc7
16. Nf5 Nb6 17. Nxg7 Kxg7 18. b3 Nd7 19. Qd2 Qe7 20. Ne2 Kh7 21. Rf1 b5 22. Ng3
Ne8 23. f4 exf4 24. Rxf4 Ne5 25. Qe2 Ng7 26. Rf6 bxc4 27. bxc4 Rb8 28. Raf1 a5
29. R1f4 Bd7 30. Rh4 Rh8 31. Bf4 Kg8 32. Qd2 a4 33. Qc3 Rb4 34. Rxd6 Rxc4 35.
Qxe5 Qxe5 36. Bxe5 Rc1+ 37. Kh2 Bb5 38. Rf4 h4 39. Nf1 Rh7 40. Ne3 Ne8 41. Rd8
Kf8 42. d6 f6 43. Rxf6+ Rf7 44. d7 Ke7 45. dxe8=Q+ Bxe8 46. Rxf7+ Bxf7 47. Bf6+
Ke6 48. e5 1-0

[Event "Aktiv-Alliancen Mesterklassen 1999"]
[Site "Taastrup"]
[Date "1999.02.08"]
[Round "3"]
[White "Aage, Bjarke Gadgaard"]
[Black "Nielsen, Borge Hjerrild"]
[Result "1-0"]
[WhiteElo "1974"]
[BlackElo "2002"]
[PlyCount "89"]
[EventDate "1999.??.??"]

1. d4 d5 2. c4 e6 3. Nc3 Nf6 4. Bg5 Be7 5. e3 O-O 6. Nf3 Nbd7 7. Bd3 dxc4 8.
Bxc4 c5 9. O-O a6 10. a4 b6 11. d5 exd5 12. Bxd5 Nxd5 13. Qxd5 Ra7 14. Rfd1
Bxg5 15. Nxg5 Qe7 16. Nge4 Nf6 17. Nxf6+ Qxf6 18. Qd6 Re7 19. Qxf6 gxf6 20. Rd6
Re6 21. Rad1 Kg7 22. Kf1 b5 23. Ke1 b4 24. Ne2 c4 25. Nf4 Re5 26. Rc6 c3 27.
bxc3 bxc3 28. Rxc3 Re4 29. a5 Rfe8 30. Rd6 Rxf4 31. Rxc8 Re5 32. Rxa6 Rff5 33.
Rcc6 Rxa5 34. Rxf6 Rxa6 35. Rxa6 Rg5 36. Kf1 Rb5 37. h3 Rb2 38. g4 Rc2 39. Kg2
Rb2 40. Kg3 Rc2 41. f3 Rb2 42. g5 Rb1 43. e4 Rg1+ 44. Kf4 Rh1 45. Rh6 1-0

[Event "Aktiv-Alliancen Mesterklassen 1999"]
[Site "Taastrup"]
[Date "1999.02.08"]
[Round "3"]
[White "Andersen, Erik Rune Egede"]
[Black "Petersen, Terji"]
[Result "0-1"]
[WhiteElo "2077"]
[BlackElo "2100"]
[PlyCount "116"]
[EventDate "1999.??.??"]

1. e4 c5 2. c3 d5 3. exd5 Qxd5 4. d4 e6 5. Nf3 Nf6 6. Na3 Be7 7. Nb5 Na6 8. c4
Qd8 9. Bd3 Nc7 10. Nxc7+ Qxc7 11. O-O O-O 12. dxc5 Bxc5 13. Qe2 b6 14. Bg5 Be7
15. Bxf6 Bxf6 16. Rad1 Bb7 17. b3 Rfd8 18. Be4 Rxd1 19. Rxd1 Bxe4 20. Qxe4 Rd8
21. Rxd8+ Qxd8 22. g3 g6 23. Kg2 Kg7 24. a4 Qd6 25. h4 Qb4 26. Qd3 Qc3 27. Qxc3
Bxc3 28. Ng5 h6 29. Ne4 Bb4 30. f4 f5 31. Nf2 a5 32. Nd3 Bc5 33. Kf3 Kf6 34.
Ne5 Bd4 35. Nd3 g5 36. hxg5+ hxg5 37. b4 gxf4 38. gxf4 axb4 39. Nxb4 Kf7 40.
Nc6 Bc5 41. Ke2 Ke8 42. Kd3 Bd6 43. Ke3 Kd7 44. Nd4 Bc5 45. Kd3 Bd6 46. Ke3 Bf8
47. Kf3 Bh6 48. Nb3 Kd6 49. Kg3 Bg7 50. Kf3 Bc3 51. Ke3 e5 52. fxe5+ Kxe5 53.
c5 bxc5 54. a5 c4 55. Nd2 Bxd2+ 56. Kxd2 f4 57. Ke2 Kd5 58. Kf3 c3 0-1

[Event "Aktiv-Alliancen Mesterklassen 1999"]
[Site "Taastrup"]
[Date "1999.02.08"]
[Round "3"]
[White "Bogdanov, Dimitri"]
[Black "Petersen, Steen Brustrup"]
[Result "1/2-1/2"]
[WhiteElo "2012"]
[BlackElo "2151"]
[PlyCount "88"]
[EventDate "1999.??.??"]

1. e4 e5 2. Nf3 Nc6 3. Bb5 a6 4. Ba4 Nf6 5. O-O Be7 6. Re1 b5 7. Bb3 O-O 8. d4
d6 9. c3 Bg4 10. Be3 Na5 11. dxe5 Bxf3 12. Qxf3 dxe5 13. Nd2 c5 14. Rad1 Qc7
15. Bg5 Rfd8 16. Bxf6 Bxf6 17. Bd5 Rab8 18. Nf1 Bg5 19. Qg4 Bh6 20. h4 Nc6 21.
Qh5 Bf4 22. g3 g6 23. Qf3 Bh6 24. Qf6 Rdc8 25. h5 Qe7 26. Qf3 Nd8 27. hxg6 hxg6
28. Nh2 Kg7 29. Ng4 Bg5 30. Kg2 f6 31. Rh1 Ne6 32. Bxe6 Qxe6 33. Ne3 Bxe3 34.
Qxe3 g5 35. Rh5 Qg4 36. Rdh1 Rh8 37. f3 Qxh5 38. Rxh5 Rxh5 39. Qxc5 Kg6 40. b3
Rbh8 41. Qg1 Rd8 42. Qc1 Rdh8 43. Qg1 Rc8 44. Qe3 Rch8 1/2-1/2

[Event "Aktiv-Alliancen Mesterklassen 1999"]
[Site "Taastrup"]
[Date "1999.02.08"]
[Round "3"]
[White "Danielsen, Heini"]
[Black "Stojanovski, Sandi"]
[Result "1/2-1/2"]
[WhiteElo "2102"]
[BlackElo "2183"]
[PlyCount "105"]
[EventDate "1999.??.??"]

1. e4 Nf6 2. e5 Nd5 3. d4 d6 4. c4 Nb6 5. f4 g6 6. Nc3 Bg7 7. Be3 O-O 8. Be2
Be6 9. d5 Bc8 10. Nf3 Bg4 11. Qb3 Bxf3 12. Bxf3 c5 13. exd6 exd6 14. O-O Re8
15. Bf2 N8d7 16. Ne4 Qc7 17. Rae1 Nf6 18. Re2 Nbd7 19. Rfe1 Nxe4 20. Rxe4 Rxe4
21. Rxe4 Nf6 22. Re2 Re8 23. Qc2 Rxe2 24. Qxe2 Qd7 25. b3 h5 26. h3 Qf5 27. Be3
Qb1+ 28. Kh2 Ne4 29. Bd4 Bxd4 30. Bxe4 Qc1 31. Kg3 h4+ 32. Kf3 Kg7 33. Bd3 Qg1
34. Bc2 Qc1 35. Bd3 Qg1 36. Bc2 Kh6 37. Bd1 Bc3 38. Bc2 Bd4 39. Kg4 Qc1 40. Kf3
Qg1 41. Kg4 Qh2 42. Qf3 Bf6 43. Qf2 b6 44. Bd3 Kg7 45. Bf1 Qh1 46. Kf3 Bd4 47.
Qe1 Qg1 48. Ke4 Bf2 49. Qe2 Bg3 50. Qb2+ f6 51. Bd3 Kf7 52. Kf3 f5 53. Qe2
1/2-1/2